Where angels fear to tread etc (Record no. 30581)

MARC details
000 -LEADER
fixed length control field 00272nam a2200109Ia 4500
082 ## - DEWEY DECIMAL CLASSIFICATION NUMBER
Classification number 82-3FOR
Item number FOR
100 ## - MAIN ENTRY--AUTHOR NAME
Personal name Forster, E M
245 #0 - TITLE STATEMENT
Title Where angels fear to tread etc
260 ## - PUBLICATION, DISTRIBUTION, ETC. (IMPRINT)
Place of publication London
Name of publisher Heinemann
Year of publication 1978
942 ## - ADDED ENTRY ELEMENTS (KOHA)
Koha item type Books
Holdings
Withdrawn status Lost status Damaged status Not for loan Home library Current library Date acquired Full call number Accession Number Koha item type
        RRII Library RRII Library 16/12/2021 82-3FOR FOR 11152 Books